Testamento del pájaro solitario / (Record no. 188471)

MARC details
000 -LEADER
campo de control de longitud fija 00785nam a2200241 i 4500
001 - NÚMERO DE CONTROL
campo de control 188471
003 - IDENTIFICADOR DE NÚMERO DE CONTROL
campo de control SpMaBN
005 - FECHA Y HORA DE LA ÚLTIMA TRANSACCIÓN
campo de control 20250821070533.0
008 - DATOS DE LONGITUD FIJA--INFORMACIÓN GENERAL
campo de control de longitud fija 181121s1991 sp |||| | spa d
020 ## - NÚMERO INTERNACIONAL ESTÁNDAR DEL LIBRO
Número Internacional Estándar del Libro 84-7151-759-0
080 ## - NÚMERO DE LA CLASIFICACIÓN DECIMAL UNIVERSAL
Número de la Clasificación Decimal Universal 860-1"19"
100 1# - ENTRADA PRINCIPAL--NOMBRE DE PERSONA
Nombre de persona Martín Descalzo, José Luis,
Fechas asociadas al nombre 1930-1991
9 (RLIN) 77470
245 10 - MENCIÓN DEL TÍTULO
Título Testamento del pájaro solitario /
Mención de responsabilidad, etc. José Luis Martín Descalzo.
250 ## - MENCION DE EDICION
Mención de edición 3ª ed.
260 ## - PUBLICACIÓN, DISTRIBUCIÓN, ETC.
Lugar de publicación, distribución, etc. Estella (Navarra) :
Nombre del editor, distribuidor, etc. Verbo Divino,
Fecha de publicación, distribución, etc. 1991.
300 ## - DESCRIPCIÓN FÍSICA
Extensión 105 p. :
Otras características físicas il. ;
Dimensiones 19 cm.
490 1# - MENCIÓN DE SERIE
Mención de serie Surcos
830 0# - PUNTO DE ACCESO ADICIONAL DE SERIE-TÍTULO UNIFORME
Título uniforme Surcos
9 (RLIN) 193061
852 ## - LOCALIZACIÓN
Ubicación ES-MaACL
Número de control de estantería A-14277
itemnumber 195601
Sublocalización o colección R.151634
Ubicación en estantería Depósito 1
Signatura antigua Olim: N-7277
Donativo/Legado Donación: Manuel Spinola
903 ## - NOMBRE PERSONAL DE DONANTE
a Spínola, Manuel,
d 1948-
e Donante
9 161019
942 ## - ELEMENTOS DE ENTRADA SECUNDARIOS (KOHA)
Fuente del sistema de clasificación o colocación Clasificación decimal universal
Tipo de ítem Koha Libro impreso
Holdings
Estatus retirado Estado de pérdida Fuente del sistema de clasificación o colocación Estado de daño No para préstamo Biblioteca de origen Biblioteca actual Ubicación en estantería Fecha de adquisición Fuente de adquisición Total de préstamos Signatura topográfica completa Código de barras Visto por última vez Precio de reemplazo Tipo de ítem Koha
    Clasificación decimal universal     Biblioteca del Ateneo de Madrid Biblioteca del Ateneo de Madrid Depósito 1 21/11/2018 Donación   A-14277 1199377 23/02/2023 23/02/2023 Libro impreso